Word Vocabulary - Ending in -ANT - Statistics

General Stats
  • This quiz has been taken 201 times
    200 since last reset
  • The average score is 11 of 16
Answer Stats
Word % Correct
cant
96%
can't
96%
rant
96%
pant
92%
want
90%
plant
81%
ant
76%
grant
71%
chant
61%
brant
59%
shan't
59%
slant
55%
scant
49%
meant
38%
quant
37%
leant
24%
No matching quizzes found
Score Distribution
Percent of People with Each Score
Percentile by Number Answered
Your Score History
You have not taken this quiz since the last reset